| 000 | 00389nam a22001697a 4500 | ||
|---|---|---|---|
| 005 | 20160620103156.0 | ||
| 008 | 160620b xxu||||| |||| 00| 0 eng d | ||
| 020 | _a81-7929-098-0 | ||
| 041 | _aeng | ||
| 082 | _b8369 | ||
| 100 |
_aBrooks, Pamela _9311 |
||
| 245 | _aCommunication and Advertising | ||
| 260 | _bInfinity Book | ||
| 300 | _a100 | ||
| 650 |
_aManagement _9241 |
||
| 942 | _cBK | ||
| 999 |
_c3205 _d3204 |
||